LEADER 01271naa a2200217 u 4500 001 000000094399 003 CaOOAMICUS 005 20070226130138.0 008 040422s1977 gw u000 u ger u 020 $a3110072610 035 $a10991635 040 $aIAR$bita 100 1 $aWalther, Helmut G.$0(OLS)http://pul/name/60685 245 10$aHaeretica pravitas und Ekklesiologie :$bZum Verhältnis von kirchlichem Ketzerbegriff und päpstlicher Ketzerpolitik von der zweiten Hälfte des XII. bis ins erste Drittel des XIII. Jahrhunderts /$cHelmut G. Walther. 260 $aBerlin :$bW. de Gruyter,$c1977. 300 $aS. 286-314, ;$c25 cm 773 0 $aDie Mächte des Guten und Bösen : Vorstellungen im XII. und XIII. Jahrhundert über ihr Wirken in der Heilsgeschichte. 773 0 $tDie Mächte des Guten und Bösen : Vorstellungen im XII. u. XIII. Jh. über ihr Wirken in der Heilsgeschichte$w()18526 996 $6020$a3110072610$9(OLS)http://pul/number/23706 996 $6245$aHaeretica pravitas und Ekklesiologie :$bZum Verhältnis von kirchlichem Ketzerbegriff und päpstlicher Ketzerpolitik von der zweiten Hälfte des XII. bis ins erste Drittel des XIII. Jahrhunderts$9(OLS)http://pul/title/121267 996 $6260$aBerlin :$bW. de Gruyter$9(OLS)http://pul/publisher/48032 LEADER 00962nam a2200265 u 4500 001 000000056679 003 CaOOAMICUS 005 20070226120512.0 008 010418s1994 it af u000 u ita u 020 $a8818700677 035 $a10885848 040 $aPUL(R)$bita 100 1 $aPettinato, Giovanni.$0(OLS)http://pul/name/4553 245 12$aI Sumeri /$cGiovanni Pettinato. 260 $aMilano :$bRusconi,$c1994. 300 $a385 p. :$bill. ;$c20 cm 500 $aContiene indici. 504 $aBibliografia in nota. 650 0$aSumerians.$2//eng$0(OLS)http://pul/subject/22762 850 $aPUL 852 $aPUL$W1$xDP1 Altre Collocazioni$y17$mSenza collocazione$j12$nBK-PRI$b $qStampati$B74306$CPULBib$Z2$F74306 $H $81 941 1 $a8 996 $6020$a8818700677$9(OLS)http://pul/number/71512 996 $6245$aI Sumeri$9(OLS)http://pul/title/75811 996 $6260$aMilano :$bRusconi$9(OLS)http://pul/publisher/47863